Statistics for Musical Acts by Letter - S

Click here to take the quiz!

General Stats

  • This quiz has been taken 43,165 times
    (3,607 since last reset)
  • The average score is 12 of 20

Answer Stats

Years Active Country Songs Band or Artist % Correct
1995 -Hips Don't Lie | Whenever, WhereverShakira
96%
1996 - 2000
2018 -
Wannabe | 2 Become 1Spice Girls
84%
1987 -Nothing Compares 2 U | All ApologiesSinéad O'Connor
71%
1977 - 1978Anarchy in the U.K. | God Save the QueenSex Pistols
70%
1962 -Superstition | My Cherie AmourStevie Wonder
69%
1993 - It Wasn't Me | AngelShaggy
69%
1991 -Kiss From a Rose | Stand By MeSeal
69%
1993 -Gin and Juice | Drop It Like Its HotSnoop Dogg
68%
1964 - 1970Bridge Over Trouble Water | CeciliaSimon & Garfunkel
66%
2014 -Stay With Me | Too Good at GoodbyesSam Smith
63%
1969 - Oye Como Va | Black Magic WomanSantana
59%
2015 -Señorita | Treat You BetterShawn Mendes
58%
1965 - 1977I Got You Babe | The Beat Goes OnSonny & Cher
55%
1986 -Push It | ShoopSalt-n-Pepa
54%
1968 - 2018 Born To Be Wild | Magic Carpet RideSteppenwolf
53%
1988 -Baby Got Back | Posse on BroadwaySir Mix-a-Lot
50%
1988 - 2019Black Hole Sun | SpoonmanSoundgarden
50%
2010 -Don't You Worry Child | Miami 2 IbizaSwedish House Mafia
44%
1999 -Thong Song | IncompleteSisqó
43%
2001 -Last Nite | ReptiliaThe Strokes
34%

Score Distribution

Percentile by Number Answered

Percent of People with Each Score

Your Score History

You have not taken this quiz since the last reset